00500nam a2200193 a 4500001001300000003000900013005001700022008004100039020001300080082001300093100002000106245002600126260004900152300000900201500003500210505002400245650001700269700002000286nice12345678IN_TiNIC20260116012148.0050524s1967 mica grp 000 0 eng  ac348.8800a232bTHO aThomas, Major W aSaving Life of Christ aMichigan bZondervan Publishing House c1967 a152p aincludes index and biblioraphy2 aBibliography, Index aJesus Christ1 aThomas, Major W